Normal view
MARC view
Entry Personal Name
001 - CONTROL NUMBER
- control field: 17591
003 - CONTROL NUMBER IDENTIFIER
- control field: HDC
005 - DATE AND TIME OF LATEST TRANSACTION
- control field: 20230624073517.0
008 - FIXED-LENGTH DATA ELEMENTS
- fixed length control field: 210228|| aca||aabn | a|a d
040 ## - CATALOGING SOURCE
- Original cataloging agency: HDC
- Transcribing agency: HDC
100 ## - HEADING--PERSONAL NAME
- Personal name: Willsher, Kim
670 ## - SOURCE DATA FOUND
- Source citation: Work cat.: (HDC): Willsher, Kim author, Paris: Ooh la la! Halal food is the new big thing / by, 2010
